| 000 | 00335nam a2200133Ia 4500 | ||
|---|---|---|---|
| 008 | 191201s2013 xx 000 0 und d | ||
| 082 |
_a621.4 _bRAI |
||
| 100 | _aRAI,G D | ||
| 245 | 0 | _aIntroduction to Power Plant Technology | |
| 260 |
_aN.Delhi _bKhanna Publisher _c2013 |
||
| 300 | _a1014 | ||
| 650 | _aB.Tech(ME) | ||
| 942 |
_2ddc _cBK _03 |
||
| 999 |
_c5732 _d5732 |
||